| 000 | 00794nam a2200277 a 4500 | ||
|---|---|---|---|
| 001 | 000003621 | ||
| 003 | DO-SdBNP | ||
| 005 | 20220906114334.0 | ||
| 007 | ta | ||
| 008 | 920826s1999 mx a 000 f spa d | ||
| 020 | _a968190642X | ||
| 040 |
_aDO-SdBNP _bspa _cBNPHU |
||
| 082 | 4 |
_a833.914 _bG768ma _222 |
|
| 100 | 1 |
_aGrass, Günter, _d1927- _93769 |
|
| 240 | 1 | 0 |
_aUnkenrufe. _lEspañol |
| 245 | 1 | 0 |
_aMalos presagios / _cGünter Grass ; traducción de Miguel Sáenz. |
| 260 |
_aMéxico : _bAlfaguara, _c1999. |
||
| 300 |
_a267 p. : _bil. ; _c22 cm. |
||
| 534 |
_aTítulo original: _tUnkenrufe. |
||
| 590 | _aInventariado, 2022 / DG | ||
| 650 | 4 |
_aNovela alemana _93302 |
|
| 650 | 4 |
_aLiteratura alemana _93274 |
|
| 700 | 1 |
_aSáenz, Miguel, _etr. _911134 |
|
| 910 | _aWM | ||
| 942 |
_2ddc _cLBS1 |
||
| 999 |
_c3444 _d3444 |
||